Entry Konu Terimi
001 - KONTROL NUMARASI
- Kontrol alanı: 60318
003 - KONTROL NUMARASI KİMLİĞİ
- Kontrol alanı: TR-BiSEU
005 - SON İŞLEM TARİHİ VE ZAMANI
- Kontrol alanı: 20260207002735.0
008 - SABİT UZUNLUKTAKİ VERİ ÖGELERİ - GENEL BİLGİ
- Sabit uzunlukta kontrol alanı: 260207|| aca||aabn | a|a d
040 ## - KATALOGLAMA KAYNAĞI
- Özgün kataloglama kurumu: TR-BiSEU
- Çeviri kurumu: TR-BiSEU
150 ## - KONU BAŞLIKLARI - KONU TERİMİ
- Konu terimi: Organik hayvancılık
670 ## - BİLGİNİN KAYNAĞI
- Bilginin alındığı kaynak: KOHA: (TR-BiSEU)30551: Türkiye organik hayvancılık kongresi (1 : 2010: Gümüşhane) 60317, Türkiye 1. organik hayvancılık kongresi bildiriler kitabı: 1-4 Temmuz 2010 .
